{"text_format":"3","workbook":"xlsx","n_sheets":1,"sheets":["Worksheet"],"read":"whole","date_system":"1900"}

{"sheet":"Worksheet","index":0,"n_rows":59,"n_cols":11,"rows_kept":59}
["№","Фамилия","Имя","Отчество","Пол","Класс","Класс участия","Балл","Макс. балл","Статус","Учитель"]
[1,"Сабирьянова","Эвелина","Динаровна","ж",7,7,54,80,"победитель","Минниахметова Наталья Викторовна"]
[2,"Шакиров","Тимур","Русланович","м",7,7,53,80,"призер","Минниахметова Наталья Викторовна"]
[3,"Каримова","Алина","Ринатовна","ж",7,7,50,80,"призер","Минниахметова Наталья Викторовна"]
[4,"Беляков","Никита","Витальевич","м",7,7,48,80,"участник","Минниахметова Наталья Викторовна"]
[5,"Валеев","Камиль","Радисович","м",7,7,48,80,"участник","Минниахметова Наталья Викторовна"]
[6,"Салимов","Артур","Саматович","м",7,7,40,80,"участник","Минниахметова Наталья Викторовна"]
[7,"Абыденнов","Артем","Юнирович","м",7,7,39,80,"участник","Минниахметова Наталья Викторовна"]
[8,"Тимашев","Тимофей","Алексеевич","м",7,7,39,80,"участник","Минниахметова Наталья Викторовна"]
[9,"Никитина","Василиса","Валерьевна","ж",7,7,38,80,"участник","Минниахметова Наталья Викторовна"]
[10,"Гарнышева","Мария","Олеговна","ж",7,7,27,80,"участник","Минниахметова Наталья Викторовна"]
[11,"Долгинова","Ангелина","Егоровна","ж",7,7,26,80,"участник","Минниахметова Наталья Викторовна"]
[12,"Гафиятов","Дамир","Рустемович","м",7,7,23,80,"участник","Минниахметова Наталья Викторовна"]
[13,"Чернова","Елизавета","Евгеньевна","ж",8,8,59,100,"победитель","Бахмат Елена Алексеевна"]
[14,"Антоненко","Ульяна","Витальевна","ж",8,8,55,100,"призер","Бахмат Елена Алексеевна"]
[15,"Габуева","Милена","Тимуровна","ж",8,8,55,100,"призер","Бахмат Елена Алексеевна"]
[16,"Мунирова","Полина","Руслановна","ж",8,8,51,100,"участник","Бахмат Елена Алексеевна"]
[17,"Эминов","Эмиргамза","Исрефилович","м",8,8,42,100,"участник","Бахмат Елена Алексеевна"]
[18,"Мингазова","Алина","Эдуардовна","ж",8,8,42,100,"участник","Бахмат Елена Алексеевна"]
[19,"Мишкина","Анастасия","Евгеньевна","ж",8,8,42,100,"участник","Бахмат Елена Алексеевна"]
[20,"Макаркин","Дементий","Андреевич","м",8,8,34,100,"участник","Бахмат Елена Алексеевна"]
[21,"Моложавцев","Станислав","Андреевич","м",8,8,20,100,"участник","Бахмат Елена Алексеевна"]
[22,"Ручин","Кирилл","Павлович","м",9,9,60,100,"победитель","Минниахметова Наталья Викторовна"]
[23,"Клементьев","Артем","Сергеевич","м",9,9,59,100,"призер","Минниахметова Наталья Викторовна"]
[24,"Костров","Тимофей","Вячеславович","м",9,9,54,100,"призер","Минниахметова Наталья Викторовна"]
[25,"Гильфанов","Камил","Ильдарович","м",9,9,51,100,"участник","Абдуллина Эльвира Фирдусовна"]
[26,"Герфанов","Рашит","Рустемович","м",9,9,50,100,"участник","Абдуллина Эльвира Фирдусовна"]
[27,"Огородников","Егор","Максимович","м",9,9,44,100,"участник","Минниахметова Наталья Викторовна"]
[28,"Старцев","Ратмир","Сергеевич","м",9,9,44,100,"участник","Абдуллина Эльвира Фирдусовна"]
[29,"Уланов","Глеб","Алексеевич","м",9,9,37,100,"участник","Абдуллина Эльвира Фирдусовна"]
[30,"Нуршаяхова","Аделия","Денисовна","ж",9,9,33,100,"участник","Минниахметова Наталья Викторовна"]
[31,"Золотухина","Ольга","Олеговна","ж",9,9,31,100,"участник","Минниахметова Наталья Викторовна"]
[32,"Адайкин","Максим","Витальевич","м",9,9,30,100,"участник","Минниахметова Наталья Викторовна"]
[33,"Смирнов","Никита","Павлович","м",9,9,27,100,"участник","Минниахметова Наталья Викторовна"]
[34,"Додарбекова","София","Алишеровна","ж",9,9,12,100,"участник","Минниахметова Наталья Викторовна"]
[35,"Якушина","Полина","Дмитриевна","ж",10,10,52,100,"победитель","Абдуллина Эльвира Фирдусовна"]
[36,"Привалова","Кристина","Сергеевна","ж",10,10,46,100,"участник","Абдуллина Эльвира Фирдусовна"]
[37,"Гимазов","Руслан","Ильдусович","м",10,10,42,100,"участник","Абдуллина Эльвира Фирдусовна"]
[38,"Казаков","Павел","Андреевич","м",10,10,40,100,"участник","Абдуллина Эльвира Фирдусовна"]
[39,"Мансурова","Лиана","Ринатовна","ж",10,10,39,100,"участник","Абдуллина Эльвира Фирдусовна"]
[40,"Понер","Иван","Васильевич","м",10,10,38,100,"участник","Абдуллина Эльвира Фирдусовна"]
[41,"Шадрина","Елизавета","Андреевна","ж",10,10,38,100,"участник","Абдуллина Эльвира Фирдусовна"]
[42,"Аникина","Полина","Дмитриевна","ж",10,10,35,100,"участник","Абдуллина Эльвира Фирдусовна"]
[43,"Поставик","Матвей","Дмитриевич","м",10,10,35,100,"участник","Абдуллина Эльвира Фирдусовна"]
[44,"Кудрявцева","Дарья","Дмитриевна","ж",10,10,29,100,"участник","Абдуллина Эльвира Фирдусовна"]
[45,"Панкратова","Анна","Сергеевна","ж",10,10,28,100,"участник","Абдуллина Эльвира Фирдусовна"]
[46,"Рахматуллин","Данис","Рамилевич","м",10,10,27,100,"участник","Абдуллина Эльвира Фирдусовна"]
[47,"Замилова","Розалина","Руслановна","ж",10,10,17,100,"участник","Абдуллина Эльвира Фирдусовна"]
[48,"Молчанов","Даниил","Андреевич","м",10,10,15,100,"участник","Абдуллина Эльвира Фирдусовна"]
[49,"Забавкина","Софья","Александровна","ж",10,10,14,100,"участник","Абдуллина Эльвира Фирдусовна"]
[50,"Гайсин","Данис","Айратович","м",10,10,12,100,"участник","Абдуллина Эльвира Фирдусовна"]
[51,"Сабирова","Малика","Азатовна","ж",10,10,12,100,"участник","Абдуллина Эльвира Фирдусовна"]
[52,"Гилязов","Булат","Азатович","м",10,10,9,100,"участник","Абдуллина Эльвира Фирдусовна"]
[53,"Яруллин","Булат","Русланович","м",10,10,8,100,"участник","Абдуллина Эльвира Фирдусовна"]
[54,"Абдуллин","Данил","Ильгизович","м",10,10,7,100,"участник","Абдуллина Эльвира Фирдусовна"]
[55,"Моложавцев","Глеб","Андреевич","м",10,10,6,100,"участник","Абдуллина Эльвира Фирдусовна"]
[56,"Васикова","Наиля","Денисовна","ж",11,11,54,100,"победитель","Абдуллина Эльвира Фирдусовна"]
[57,"Иванова","Анна","Антоновна","ж",11,11,27,100,"участник","Абдуллина Эльвира Фирдусовна"]
[58,"Пономарёва","Елизавета","Алексеевна","ж",11,11,13,100,"участник","Абдуллина Эльвира Фирдусовна"]